000 00446nam a2200157Ia 4500
005 20250627014700.0
008 240331s9999 xx 000 0 und d
020 _a9552082862
082 _bGUN
_a363
100 _aGunarathne,C
245 0 _aShikshana rohale dina nawayak
260 _aColombo
_bS. Godage & Brothers
_c2006
300 _a136 p .,
500 _aA book on Nine Days at the teaching hospital - Through sociological eyes
942 _cL
999 _c5118
_d5118